000
00293nam a22001337a 4500
008
181121b xxu||||| |||| 00| 0 eng d
020
_a
0195017994
041
_a
eng
080
_a
159.9
100
_a
49
101
_a
PSI
245
_a
Psychiatric Diagnosis
_c
Woodruff, R.A
942
_2
udc
_c
BK
999
_c
52291
_d
52291